[Event "Ricany op"]
[Site "Ricany"]
[Date "2023.08.27"]
[Round "2"]
[White "Zemen, Pavel"]
[Black "Cermak, Filip"]
[Result "1/2-1/2"]
[WhiteElo "1785"]
[BlackElo "1403"]
[PlyCount "92"]
[EventDate "2023.08.26"]
[EventType "swiss"]
[EventRounds "9"]
[EventCountry "CZE"]
[SourceTitle "EXT 2024"]
[Source "ChessBase"]
[SourceDate "2023.10.10"]
[SourceVersion "1"]
[SourceVersionDate "2023.10.10"]
[SourceQuality "1"]

1. e4 c6 2. d4 d5 3. Nd2 dxe4 4. Nxe4 Bf5 5. Ng3 Bg6 6. h4 h6 7. h5 Bh7 8. Nf3 Nd7 9. Bd3 Bxd3 10. Qxd3 Ngf6 11. Bf4 Qa5+ 12. c3 Nd5 13. Bd2 Qc7 14. Ne2 e5 15. 0-0-0 0-0-0 16. dxe5 Nc5 17. Qc2 Qa5 18. Kb1 Qa4 19. Qf5+ Kb8 20. Nfd4 Ne6 21. Qxf7 Nxd4 22. Nxd4 Be7 23. Qf3 Nb4 24. cxb4 Rxd4 25. Bc3 Rxd1+ 26. Rxd1 Rf8 27. Qd3 Rd8 28. Qxd8+ Bxd8 29. Rxd8+ Kc7 30. Rd2 Qb5 31. g3 Qf1+ 32. Kc2 Qh3 33. Kc1 Qf1+ 34. Kc2 Qh3 35. a3 Qxh5 36. Kc1 Qf5 37. Re2 Qf3 38. Kd2 Qd5+ 39. Ke3 g5 40. f3 h5 41. Rh2 g4 42. fxg4 hxg4 43. Rf2 c5 44. Kf4 Qf7+ 45. Ke3 Qd5 46. bxc5 Qxc5+ 1/2-1/2

[Event "CZE-ch Amateur"]
[Site "Hluk"]
[Date "2023.05.11"]
[Round "9"]
[White "Gawlas, Roman"]
[Black "Zemen, Pavel"]
[Result "1-0"]
[WhiteElo "2059"]
[BlackElo "1769"]
[PlyCount "79"]
[EventDate "2023.05.06"]
[EventType "swiss"]
[EventRounds "9"]
[EventCountry "CZE"]
[SourceTitle "CBM 214 Extra"]
[Source "ChessBase"]
[SourceDate "2023.07.31"]
[SourceVersion "1"]
[SourceVersionDate "2023.07.31"]
[SourceQuality "1"]

1. d4 Nf6 2. c4 g6 3. Nc3 d6 4. e4 Bg7 5. Nf3 0-0 6. Be2 e5 7. Be3 Nc6 8. d5 Ne7 9. Nd2 Nd7 10. b4 f5 11. f3 Nf6 12. c5 h5 13. h3 Nd7 14. Qb3 Kh7 15. cxd6 cxd6 16. Nc4 Nf6 17. 0-0-0 Rf7 18. Nb5 Ne8 19. Nxa7 Bd7 20. Nb6 Rb8 21. Nxd7 Qxd7 22. Nb5 Nf6 23. Nc3 Rff8 24. Bb5 Qc7 25. Kb2 Rfc8 26. Na4 Qd8 27. Bb6 Qf8 28. Nc3 Bh6 29. a4 Ra8 30. a5 Kh8 31. Rhe1 Kg8 32. Na4 fxe4 33. fxe4 Qf7 34. Rf1 Qg7 35. Rfe1 Qf7 36. Rf1 Qg7 37. Qd3 g5 38. Be3 Qg6 39. Nb6 Qxe4 40. Rxf6 1-0

[Event "Ricany op 20th"]
[Site "Ricany"]
[Date "2022.09.02"]
[Round "8"]
[White "Zemen, Pavel"]
[Black "Maslo, Ondrej"]
[Result "0-1"]
[WhiteElo "1731"]
[BlackElo "1870"]
[PlyCount "114"]
[EventDate "2022.08.27"]
[EventType "swiss"]
[EventRounds "9"]
[EventCountry "CZE"]
[SourceTitle "CBM 210 Extra"]
[Source "ChessBase"]
[SourceDate "2022.11.30"]
[SourceVersion "1"]
[SourceVersionDate "2022.11.30"]
[SourceQuality "1"]

1. e4 e5 2. Nf3 Nf6 3. Nxe5 Nc6 4. Nxc6 dxc6 5. d3 Bc5 6. Be2 h5 7. h3 Qd4 8. 0-0 Ng4 9. Bxg4 hxg4 10. c3 Qf6 11. d4 gxh3 12. g3 h2+ 13. Kh1 Bh3 14. Nd2 Bxf1 15. Qxf1 Be7 16. Qg2 0-0-0 17. Nf3 c5 18. Be3 cxd4 19. cxd4 Rh7 20. Rc1 Qe6 21. Bf4 c6 22. d5 Qh3 23. Qxh2 Qxh2+ 24. Nxh2 Rdh8 25. g4 Bg5 26. Bxg5 Rxh2+ 27. Kg1 Rh1+ 28. Kg2 Rxc1 29. Bxc1 cxd5 30. exd5 Rd8 31. Be3 b6 32. Bd4 f6 33. Kf3 Rxd5 34. Ke4 Ra5 35. a3 Kd7 36. Bc3 Rg5 37. f3 Ke6 38. Bd4 Ra5 39. Bc3 Ra4+ 40. Kd3 Rf4 41. Ke3 Rc4 42. Kd3 Kd5 43. Ke3 Rc5 44. Kd3 g6 45. Ke3 Rxc3+ 46. bxc3 Kc4 47. Kf4 Kd5 48. Ke3 Kc4 49. Kf4 Kd5 50. Ke3 Ke5 51. f4+ Kd5 52. Kd3 b5 53. Ke3 Kc4 54. Ke4 a5 55. g5 fxg5 56. fxg5 Kxc3 57. Ke5 b4 0-1

[Event "Ricany op 20th"]
[Site "Ricany"]
[Date "2022.08.28"]
[Round "3"]
[White "Petrun, Milan"]
[Black "Zemen, Pavel"]
[Result "1/2-1/2"]
[WhiteElo "1880"]
[BlackElo "1731"]
[PlyCount "81"]
[EventDate "2022.08.27"]
[EventType "swiss"]
[EventRounds "9"]
[EventCountry "CZE"]
[SourceTitle "CBM 210 Extra"]
[Source "ChessBase"]
[SourceDate "2022.11.30"]
[SourceVersion "1"]
[SourceVersionDate "2022.11.30"]
[SourceQuality "1"]

1. e4 c5 2. Nf3 Nc6 3. d4 cxd4 4. Nxd4 g6 5. c4 Bg7 6. Be3 Nf6 7. Nc3 Ng4 8. Qxg4 Nxd4 9. Qd1 e5 10. Be2 0-0 11. 0-0 a6 12. Rc1 d6 13. Qd2 Re8 14. Nd5 Be6 15. Bd3 Bxd5 16. cxd5 h5 17. Qb4 Qd7 18. f3 Rac8 19. a4 Kh7 20. Rc3 Rf8 21. Rfc1 Bh6 22. Bxh6 Kxh6 23. a5 Kh7 24. Qb6 Rxc3 25. bxc3 Rc8 26. Kf2 Rc5 27. c4 Rc7 28. Ke3 Kh6 29. h4 Qe7 30. g3 Rd7 31. Rf1 f5 32. f4 exf4+ 33. Rxf4 fxe4 34. Bxe4 Nf5+ 35. Kf3 Qe5 36. Bxf5 gxf5 37. Qe3 Kg6 38. Qd4 Kf6 39. Kg2 Rg7 40. Kh3 Rg5 41. Rf3 1/2-1/2

[Event "Mlada Boleslav Region-ch U14"]
[Site "Mlada Boleslav"]
[Date "2017.06.25"]
[Round "5"]
[White "Nemecek, Lukas"]
[Black "Zemen, Pavel"]
[Result "1-0"]
[WhiteElo "1641"]
[BlackElo "1397"]
[PlyCount "54"]
[EventDate "2017.06.24"]
[EventType "swiss"]
[EventRounds "7"]
[EventCountry "CZE"]
[SourceTitle "CBM 179 Extra"]
[Source "ChessBase"]
[SourceDate "2017.08.23"]
[SourceVersion "1"]
[SourceVersionDate "2017.08.23"]
[SourceQuality "1"]

1. e4 e6 2. d4 d5 3. exd5 exd5 4. c4 dxc4 5. Bxc4 Bd6 6. Nc3 Ne7 7. Nf3 Nd7 8. 0-0 Nb6 9. Bb3 0-0 10. Re1 h6 11. Ne4 Bf5 12. Ng3 Bxg3 13. hxg3 c6 14. Be3 Re8 15. Qd2 Kh7 16. Bxf7 Rf8 17. Bb3 Nd7 18. Rad1 Nf6 19. Bf4 Ned5 20. Be5 Qd7 21. Nh4 Bg4 22. f3 Bh5 23. Bc2+ Kg8 24. Nf5 Be8 25. g4 Kh8 26. Kf2 Kg8 27. Bb3 Bf7 1-0

[Event "Mlada Boleslav Region-ch U14"]
[Site "Mlada Boleslav"]
[Date "2017.06.24"]
[Round "3"]
[White "Zemen, Pavel"]
[Black "Handl, Petr"]
[Result "1-0"]
[WhiteElo "1397"]
[BlackElo "1326"]
[PlyCount "93"]
[EventDate "2017.06.24"]
[EventType "swiss"]
[EventRounds "7"]
[EventCountry "CZE"]
[SourceTitle "CBM 179 Extra"]
[Source "ChessBase"]
[SourceDate "2017.08.23"]
[SourceVersion "1"]
[SourceVersionDate "2017.08.23"]
[SourceQuality "1"]

1. e4 e5 2. Nf3 Nc6 3. d4 exd4 4. Nxd4 Bc5 5. Be3 Qh4 6. Qd3 Ne5 7. Qc3 d6 8. Nd2 Nf6 9. Bd3 Nxd3+ 10. Qxd3 Bb4 11. c3 Bc5 12. 0-0 Qg4 13. f3 Qg6 14. Ne2 Bxe3+ 15. Qxe3 Nh5 16. Nb3 0-0 17. Nf4 Qg5 18. Nd5 Qxe3+ 19. Nxe3 Nf4 20. Rfd1 f5 21. exf5 Bxf5 22. Nd4 Bg6 23. g3 Nh3+ 24. Kg2 Ng5 25. h4 Nf7 26. Nd5 c5 27. Ne6 Rfe8 28. Ndc7 Rxe6 29. Nxe6 Re8 30. Nf4 Bc2 31. Re1 Rd8 32. Re2 Ba4 33. b3 Bb5 34. c4 Bc6 35. Rd1 Ne5 36. Rxe5 dxe5 37. Rxd8+ Kf7 38. Nd3 Ke7 39. Rh8 h6 40. Kf2 Kf6 41. Nxc5 Kf7 42. Rd8 b6 43. Ne4 Bxe4 44. fxe4 Ke7 45. Ra8 a5 46. Rb8 Kd7 47. Rxb6 1-0

[Event "Mlada Boleslav Region-ch U20"]
[Site "Mlada Boleslav"]
[Date "2014.06.21"]
[Round "4"]
[White "Popovsky, Ondrej"]
[Black "Zemen, Pavel"]
[Result "1-0"]
[WhiteElo "1224"]
[BlackElo "1091"]
[PlyCount "75"]
[EventDate "2014.06.21"]
[EventType "swiss"]
[EventRounds "7"]
[EventCountry "CZE"]
[SourceTitle "EXT 2016"]
[Source "ChessBase"]
[SourceDate "2015.10.08"]
[SourceVersion "1"]
[SourceVersionDate "2015.10.08"]
[SourceQuality "1"]

1. d4 e6 2. Nf3 d5 3. c4 Nf6 4. Nc3 Bb4 5. a3 Bxc3+ 6. bxc3 dxc4 7. e3 b5 8. a4 c6 9. axb5 cxb5 10. Ba3 Ne4 11. Qc2 Nd6 12. g3 0-0 13. Bg2 Bb7 14. 0-0 Re8 15. Bc5 a6 16. Bxd6 Qxd6 17. Ng5 Bxg2 18. Qxh7+ Kf8 19. Kxg2 Qd5+ 20. Nf3 g6 21. Qh8+ Ke7 22. Qh4+ Kf8 23. e4 Qh5 24. Qf4 Ke7 25. Qc7+ Nd7 26. Ne5 Red8 27. Nc6+ Ke8 28. Nxd8 Rxd8 29. Rxa6 f5 30. Rxe6+ Kf7 31. Qxd8 Kxe6 32. exf5+ Qxf5 33. Re1+ Kd6 34. h4 Qd5+ 35. Kh2 Qf3 36. Qe7+ Kc7 37. Qe3 Qf7 38. Qf4+ 1-0